书目信息 |
| 题名: |
电力电子技术
|
|
| 作者: | 周渊深 主编 | |
| 分册: | ||
| 出版信息: | 北京 机械工业出版社 2016.06 |
|
| 页数: | 10, 253页 | |
| 开本: | 26cm | |
| 丛书名: | ||
| 单 册: | ||
| 中图分类: | TM76 | |
| 科图分类: | ||
| 主题词: | 电力电子技术--dian li dian zi ji shu--高等职业教育--教材 | |
| 电子资源: | ||
| ISBN: | 978-7-111-56498-0 | |
| 000 | 01023nam0 2200265 450 | |
| 001 | 0106081749 | |
| 005 | 20201109082018.96 | |
| 010 | @a978-7-111-56498-0@dCNY45.00 | |
| 100 | @a20171018e20202016em y0chiy50 ea | |
| 101 | 0 | @achi |
| 102 | @aCN@b110000 | |
| 105 | @aa az 000yy | |
| 106 | @ar | |
| 200 | 1 | @a电力电子技术@Adian li dian zi ji shu@f周渊深主编 |
| 205 | @a3版 | |
| 210 | @a北京@c机械工业出版社@d2016.06@h2020.01 | |
| 215 | @a10, 253页@c图@d26cm | |
| 300 | @a全国高等职业教育“十三五”规划教材 | |
| 320 | @a有书目(第253页) | |
| 330 | @a本书从电力电子技术应用的角度出发,简明扼要地介绍了常用的不可控型、半控型和全控型电力电子器件;重点讨论了交流-直流变换、直流-交流变换、交流-交流变换、直流-直流变换等电力电子变流电路。为强化高等职业教育的实践技能培养,本书介绍了基于MATLAB的图形化仿真实验内容。 | |
| 606 | 0 | @a电力电子技术@Adian li dian zi ji shu@x高等职业教育@j教材 |
| 690 | @aTM76@v5 | |
| 701 | 0 | @a周渊深@Azhou yuan shen@4主编 |
| 801 | 0 | @aCN@bBJSZM@c20201106 |
| 905 | @b1190864-7@dTM76@e10=3@f4 | |
| 电力电子技术/周渊深主编.-3版.-北京:机械工业出版社,2016.06(2020.01) |
| 10, 253页:图;26cm |
| 全国高等职业教育“十三五”规划教材 |
| ISBN 978-7-111-56498-0:CNY45.00 |
| 本书从电力电子技术应用的角度出发,简明扼要地介绍了常用的不可控型、半控型和全控型电力电子器件;重点讨论了交流-直流变换、直流-交流变换、交流-交流变换、直流-直流变换等电力电子变流电路。为强化高等职业教育的实践技能培养,本书介绍了基于MATLAB的图形化仿真实验内容。 |
| ● |
| 相关链接 |
|
|
|
|
正题名:电力电子技术
索取号:TM76/10=3
 
预约/预借
| 序号 | 登录号 | 条形码 | 馆藏地/架位号 | 状态 | 备注 |
| 1 | 1190864 | 211908649 | 第二样本阅览室/ [索取号:TM76/10=3] | 在馆 | |
| 2 | 1190865 | 211908658 | 第三借阅区/ [索取号:TM76/10=3] | 在馆 | |
| 3 | 1190866 | 211908667 | 第三借阅区/ [索取号:TM76/10=3] | 在馆 | |
| 4 | 1190867 | 211908676 | 第三借阅区/ [索取号:TM76/10=3] | 在馆 |